[Event "Leipzig VfB op 18th"]
[Site "Leipzig"]
[Date "2011.03.25"]
[Round "6"]
[White "Schmuecker, Felix"]
[Black "Dorst, Johannes"]
[Result "1/2-1/2"]
[WhiteElo "2030"]
[BlackElo "2184"]
[PlyCount "54"]
[EventDate "2011.03.20"]
[EventType "swiss"]
[EventRounds "9"]
[EventCountry "GER"]
[SourceTitle "CBM 141 Extra"]
[Source "ChessBase"]
[SourceDate "2011.05.03"]
[SourceVersion "1"]
[SourceVersionDate "2011.05.03"]
[SourceQuality "1"]

1. e4 e5 2. Nf3 Nc6 3. d4 exd4 4. Bc4 Bc5 5. c3 Nf6 6. e5 d5 7. Bb5 Ne4 8. cxd4 Bb6 9. Be3 0-0 10. Bxc6 bxc6 11. Qc2 Bd7 12. 0-0 f5 13. exf6 Qxf6 14. Ne5 Be8 15. Nd2 Nd6 16. Nxc6 Nf5 17. Qxf5 Qxc6 18. Qd3 Qf6 19. Nf3 Bg6 20. Qc3 Be4 21. Ne5 Rae8 22. b4 Bxg2 23. Kxg2 Rxe5 24. dxe5 Qf3+ 25. Kg1 Qg4+ 26. Kh1 Qe4+ 27. Kg1 Qg4+ 1/2-1/2

[Event "GER-chT U16"]
[Site "Naumburg"]
[Date "2010.12.29"]
[Round "5.2"]
[White "Fornoff, Robin"]
[Black "Schmuecker, Felix"]
[Result "1/2-1/2"]
[WhiteElo "1663"]
[BlackElo "1872"]
[PlyCount "49"]
[EventDate "2010.12.27"]
[EventType "team-swiss"]
[EventRounds "7"]
[EventCountry "GER"]
[SourceTitle "CBM 140 Extra"]
[Source "ChessBase"]
[SourceDate "2011.03.01"]
[SourceVersion "1"]
[SourceVersionDate "2011.03.01"]
[SourceQuality "1"]
[WhiteTeam "Gernsheim"]
[BlackTeam "Leipzig BSG Chemie"]
[WhiteTeamCountry "GER"]
[BlackTeamCountry "GER"]

1. e4 c5 2. Nf3 e6 3. d4 cxd4 4. Nxd4 a6 5. Nc3 Qc7 6. Qf3 d6 7. Qg3 Nf6 8. Bd3 Nbd7 9. 0-0 b5 10. Re1 Bb7 11. Bd2 Ne5 12. b3 g6 13. f4 Nh5 14. Qf2 Nc6 15. Nxc6 Qxc6 16. Rad1 Nf6 17. Be2 Bg7 18. Bf3 Qc7 19. Re3 0-0 20. Rde1 Rfd8 21. Rd3 b4 22. Na4 Qxc2 23. Qf1 a5 24. Rc1 Qxa2 25. Ra1 1/2-1/2

[Event "GER-chT U12"]
[Site "Arendsee"]
[Date "2009.12.30"]
[Round "7.1"]
[White "Schmuecker, Felix"]
[Black "Scholz, Robert"]
[Result "1-0"]
[WhiteElo "1745"]
[BlackElo "1561"]
[PlyCount "101"]
[EventDate "2009.12.27"]
[EventType "team-swiss"]
[EventRounds "7"]
[EventCountry "GER"]
[SourceTitle "EXT 2022"]
[Source "ChessBase"]
[SourceDate "2021.10.06"]
[SourceVersion "1"]
[SourceVersionDate "2021.10.06"]
[SourceQuality "1"]
[WhiteTeam "Leipzig BSG Chemie U12"]
[BlackTeam "Dresden USV TU U12"]
[WhiteTeamCountry "GER"]
[BlackTeamCountry "GER"]

1. e4 e5 2. Nf3 Nc6 3. d4 exd4 4. Bc4 Bc5 5. c3 Nf6 6. e5 d5 7. Bb5 Nd7 8. cxd4 Bb4+ 9. Bd2 Bxd2+ 10. Nbxd2 0-0 11. 0-0 Nb6 12. Bxc6 bxc6 13. Qc2 Qd7 14. Rac1 Bb7 15. Nb3 Nc4 16. Nc5 Qc8 17. b3 Nb6 18. Nxb7 Qxb7 19. Qxc6 Qa6 20. Rc2 Rac8 21. e6 h6 22. Ne5 fxe6 23. Qxe6+ Kh7 24. Qg6+ Kg8 25. Rfc1 Qa5 26. h3 Na8 27. Nc6 Qa3 28. Qe6+ Kh7 29. Ne7 Rce8 30. Qg6+ Kh8 31. Nf5 Re7 32. Nxe7 Qxe7 33. Qc6 Qf7 34. Re1 Kh7 35. Qe6 Qf4 36. Qxd5 Kh8 37. Qe4 Qd6 38. Rc6 Qd8 39. Qe5 Kg8 40. Re3 Kh7 41. d5 Rg8 42. Rg3 Qf8 43. Qe4+ Kh8 44. Qd4 Kh7 45. Qxa7 Qd8 46. Qd4 Qf8 47. d6 Qd8 48. Qd3+ Kh8 49. dxc7 Qc8 50. Qg6 Qf8 51. c8Q 1-0

[Event "GER-chT U12"]
[Site "Arendsee"]
[Date "2009.12.29"]
[Round "6.1"]
[White "Groening, Finn Jonathan"]
[Black "Schmuecker, Felix"]
[Result "1/2-1/2"]
[WhiteElo "1731"]
[BlackElo "1745"]
[PlyCount "35"]
[EventDate "2009.12.27"]
[EventType "team-swiss"]
[EventRounds "7"]
[EventCountry "GER"]
[SourceTitle "EXT 2022"]
[Source "ChessBase"]
[SourceDate "2021.10.06"]
[SourceVersion "1"]
[SourceVersionDate "2021.10.06"]
[SourceQuality "1"]
[WhiteTeam "Hamburger SK U12"]
[BlackTeam "Leipzig BSG Chemie U12"]
[WhiteTeamCountry "GER"]
[BlackTeamCountry "GER"]

1. e4 c5 2. Nf3 e6 3. d4 cxd4 4. Nxd4 a6 5. Nc3 Qc7 6. Be3 Bb4 7. Qd2 Nf6 8. f3 d5 9. Bd3 e5 10. exd5 exd4 11. Bxd4 Qe7+ 12. Kd1 0-0 13. Re1 Qd6 14. a3 Bxc3 15. Bxc3 Nxd5 16. Bb4 Qc6 17. Bxh7+ Kxh7 18. Bxf8 1/2-1/2

[Event "GER-chT U12"]
[Site "Arendsee"]
[Date "2009.12.27"]
[Round "2.1"]
[White "Schmuecker, Felix"]
[Black "Xiong, Ferdinand"]
[Result "1-0"]
[WhiteElo "1745"]
[BlackElo "1806"]
[PlyCount "47"]
[EventDate "2009.12.27"]
[EventType "team-swiss"]
[EventRounds "7"]
[EventCountry "GER"]
[SourceTitle "EXT 2022"]
[Source "ChessBase"]
[SourceDate "2021.10.06"]
[SourceVersion "1"]
[SourceVersionDate "2021.10.06"]
[SourceQuality "1"]
[WhiteTeam "Leipzig BSG Chemie U12"]
[BlackTeam "Vaterstetten SC U12"]
[WhiteTeamCountry "GER"]
[BlackTeamCountry "GER"]

1. e4 c5 2. Nc3 g6 3. g3 Bg7 4. Bg2 Nc6 5. d3 e6 6. f4 Nge7 7. Be3 d6 8. Nf3 0-0 9. 0-0 Rb8 10. e5 Nf5 11. Bf2 Nfd4 12. Ne4 dxe5 13. Nxe5 Nxe5 14. fxe5 Bxe5 15. c3 Nc6 16. Bxc5 Re8 17. d4 f5 18. dxe5 fxe4 19. Bd6 Qb6+ 20. Kh1 Ra8 21. Bxe4 Qxb2 22. Qf3 Nd8 23. Qf6 Bd7 24. Bf8 1-0

[Event "GER-ch U12"]
[Site "Willingen"]
[Date "2009.06.02"]
[Round "5"]
[White "Schmuecker, Felix"]
[Black "Mueller, Constantin"]
[Result "1/2-1/2"]
[WhiteElo "1657"]
[BlackElo "1565"]
[PlyCount "53"]
[EventDate "2009.05.30"]
[EventType "swiss"]
[EventRounds "11"]
[EventCountry "GER"]
[SourceTitle "EXT 2010"]
[Source "ChessBase"]
[SourceDate "2010.11.25"]
[SourceVersion "1"]
[SourceVersionDate "2010.11.25"]
[SourceQuality "1"]

1. e4 e6 2. d4 d5 3. Nc3 Bb4 4. e5 c5 5. a3 Bxc3+ 6. bxc3 Ne7 7. f4 Nbc6 8. Nf3 Nf5 9. Bd3 g6 10. 0-0 Qb6 11. Bxf5 gxf5 12. Be3 h6 13. Qe2 Qa5 14. Bd2 Qc7 15. Rfd1 Bd7 16. Be3 a6 17. c4 cxd4 18. Nxd4 Nxd4 19. Rxd4 Bc6 20. cxd5 Bxd5 21. c4 Be4 22. Rad1 Rg8 23. g3 Kf8 24. Rd7 Qc8 25. Rd8+ Qxd8 26. Rxd8+ Rxd8 27. Bc5+ 1/2-1/2

[Event "GER-ch U12"]
[Site "Willingen"]
[Date "2009.06.01"]
[Round "4"]
[White "Priese, Annika"]
[Black "Schmuecker, Felix"]
[Result "0-1"]
[WhiteElo "1446"]
[BlackElo "1657"]
[PlyCount "32"]
[EventDate "2009.05.30"]
[EventType "swiss"]
[EventRounds "11"]
[EventCountry "GER"]
[SourceTitle "EXT 2010"]
[Source "ChessBase"]
[SourceDate "2010.11.25"]
[SourceVersion "1"]
[SourceVersionDate "2010.11.25"]
[SourceQuality "1"]

1. e4 d5 2. exd5 Nf6 3. d4 Nxd5 4. Nf3 g6 5. c4 Nb6 6. b3 Bg7 7. Nc3 c5 8. Be3 Nc6 9. Ne2 cxd4 10. Nexd4 0-0 11. Rc1 Bg4 12. Be2 Bxf3 13. Nxf3 Qc7 14. 0-0 Rfd8 15. Qc2 e5 16. Bd3 Nb4 0-1

[Event "GER-ch U12"]
[Site "Willingen"]
[Date "2009.05.31"]
[Round "2"]
[White "Birnkraut, Tim"]
[Black "Schmuecker, Felix"]
[Result "1-0"]
[WhiteElo "1328"]
[BlackElo "1657"]
[PlyCount "65"]
[EventDate "2009.05.30"]
[EventType "swiss"]
[EventRounds "11"]
[EventCountry "GER"]
[SourceTitle "EXT 2010"]
[Source "ChessBase"]
[SourceDate "2010.11.25"]
[SourceVersion "1"]
[SourceVersionDate "2010.11.25"]
[SourceQuality "1"]

1. e4 Nf6 2. e5 Nd5 3. c4 Nb6 4. Nc3 d6 5. exd6 cxd6 6. d4 g6 7. Nf3 Bg7 8. Be3 0-0 9. Qd2 Re8 10. 0-0-0 Nc6 11. Bh6 Bh8 12. h4 Bg4 13. Qf4 Bxf3 14. Qxf3 Nxd4 15. Qe4 Nf5 16. h5 Nxh6 17. hxg6 Bg7 18. gxf7+ Kxf7 19. c5 d5 20. Qf3+ Kg8 21. cxb6 Qxb6 22. Qxd5+ e6 23. Qg5 Nf5 24. Bd3 Qxf2 25. g4 Qe3+ 26. Qxe3 Nxe3 27. Rde1 Nd5 28. Bxh7+ Kf8 29. Rhf1+ Bf6 30. Bg6 Re7 31. Nxd5 exd5 32. Rxf6+ Kg7 33. Ref1 1-0

[Event "GER-ch U12"]
[Site "Willingen"]
[Date "2009.05.30"]
[Round "1"]
[White "Schmuecker, Felix"]
[Black "Faden, Maximilian"]
[Result "1/2-1/2"]
[WhiteElo "1657"]
[BlackElo "1325"]
[PlyCount "63"]
[EventDate "2009.05.30"]
[EventType "swiss"]
[EventRounds "11"]
[EventCountry "GER"]
[SourceTitle "EXT 2010"]
[Source "ChessBase"]
[SourceDate "2010.11.25"]
[SourceVersion "1"]
[SourceVersionDate "2010.11.25"]
[SourceQuality "1"]

1. e4 e6 2. d4 d5 3. Nc3 c5 4. exd5 exd5 5. Nf3 Be6 6. Be2 Nc6 7. Be3 Nf6 8. 0-0 Qb6 9. Na4 Qc7 10. Nxc5 Bd6 11. Nxe6 fxe6 12. h3 Ne4 13. c3 0-0 14. Ng5 Nxg5 15. Bxg5 Rf5 16. Be3 Raf8 17. Bd3 R5f6 18. Qh5 g6 19. Qg4 Ne7 20. f4 Nf5 21. Bxf5 exf5 22. Qf3 Qc6 23. Bd2 Re6 24. Rfe1 Rfe8 25. Rxe6 Rxe6 26. Re1 Re4 27. Rxe4 dxe4 28. Qe2 Qa4 29. a3 Qc2 30. b4 Kg7 31. g3 b5 32. Qxb5 1/2-1/2

[Event "Sachsen-ch U12"]
[Site "Sebnitz"]
[Date "2009.04.16"]
[Round "5"]
[White "Linnemann, Niklas"]
[Black "Schmuecker, Felix"]
[Result "0-1"]
[WhiteElo "1378"]
[BlackElo "1540"]
[PlyCount "80"]
[EventDate "2009.04.14"]
[EventType "swiss"]
[EventRounds "7"]
[EventCountry "GER"]
[SourceTitle "EXT 2010"]
[Source "ChessBase"]
[SourceDate "2010.11.25"]
[SourceVersion "1"]
[SourceVersionDate "2010.11.25"]
[SourceQuality "1"]

1. e4 Nf6 2. e5 Nd5 3. c4 Nb6 4. d4 d6 5. exd6 cxd6 6. Nc3 g6 7. Nf3 Bg7 8. Be3 0-0 9. Be2 Bg4 10. 0-0 Nc6 11. b3 d5 12. c5 Nc8 13. h3 Bxf3 14. Bxf3 e6 15. a3 b6 16. b4 a6 17. Qd2 Re8 18. Rfd1 N8e7 19. Ne2 Qc7 20. Qc2 Nf5 21. Rac1 Rec8 22. Bg4 Nxe3 23. fxe3 f5 24. Bf3 Bh6 25. Rd3 bxc5 26. bxc5 Rcb8 27. Rb1 Rxb1+ 28. Qxb1 Na5 29. Nc3 Rb8 30. Qc2 Qc6 31. Nd1 Rb7 32. Nc3 Nc4 33. Nxd5 exd5 34. Qxc4 dxc4 35. Bxc6 Rb1+ 36. Kf2 cxd3 37. Bd5+ Kf8 38. c6 Rc1 39. Bf3 Ke7 40. d5 Kd6 0-1